[Event "Mittelrhein Verbandsliga Ost 1314"]
[Site "Mittelrhein"]
[Date "2013.12.15"]
[Round "5.3"]
[White "Schmitt, Karl"]
[Black "Funkschmidt, Kai Michael"]
[Result "0-1"]
[WhiteElo "1803"]
[BlackElo "1853"]
[PlyCount "70"]
[EventDate "2013.09.15"]
[EventType "team-tourn"]
[EventRounds "11"]
[EventCountry "GER"]
[SourceTitle "EXT 2023"]
[Source "ChessBase"]
[SourceDate "2022.10.05"]
[SourceVersion "1"]
[SourceVersionDate "2022.10.05"]
[SourceQuality "1"]
[WhiteTeam "Bergische SF II"]
[BlackTeam "Bonn Empor Maulwurf"]
[WhiteTeamCountry "GER"]
[BlackTeamCountry "GER"]

1. d4 e6 2. Nf3 Nf6 3. e3 b6 4. Bd3 Bb7 5. 0-0 c5 6. b3 d5 7. Bb2 Bd6 8. c4 0-0 9. Nc3 Nc6 10. cxd5 exd5 11. Nb5 Bb8 12. Rc1 a6 13. Nc3 cxd4 14. exd4 Qd6 15. Na4 Bc7 16. Bb1 Ne4 17. g3 Rfe8 18. Re1 Re7 19. Rc2 Rae8 20. Qc1 Qf6 21. Kg2 g5 22. h3 h5 23. Rf1 g4 24. hxg4 hxg4 25. Ne5 Bxe5 26. dxe5 Qf3+ 27. Kg1 Nxe5 28. Rc7 Qf6 29. Bxe5 Qxe5 30. Rxe7 Rxe7 31. Nxb6 Nxg3 32. Qc2 Ne2+ 33. Kg2 d4+ 34. f3 Qg3+ 35. Kh1 Qh3# 0-1

[Event "Mittelrhein Verbandsliga Ost 1314"]
[Site "Mittelrhein"]
[Date "2013.11.24"]
[Round "4.3"]
[White "Funkschmidt, Kai Michael"]
[Black "Dehmel, Jens"]
[Result "1/2-1/2"]
[WhiteElo "1853"]
[BlackElo "2003"]
[PlyCount "46"]
[EventDate "2013.09.15"]
[EventType "team-tourn"]
[EventRounds "11"]
[EventCountry "GER"]
[SourceTitle "EXT 2023"]
[Source "ChessBase"]
[SourceDate "2022.10.05"]
[SourceVersion "1"]
[SourceVersionDate "2022.10.05"]
[SourceQuality "1"]
[WhiteTeam "Bonn Empor Maulwurf"]
[BlackTeam "Bonn Stadtverwaltung"]
[WhiteTeamCountry "GER"]
[BlackTeamCountry "GER"]

1. e4 e5 2. c4 Nc6 3. Nc3 Bc5 4. Nf3 d6 5. a3 a5 6. d3 f5 7. Bg5 Nf6 8. Nd5 fxe4 9. dxe4 0-0 10. Bd3 Bg4 11. 0-0 Qd7 12. Bxf6 gxf6 13. Ne3 Bh5 14. Nxe5 Nxe5 15. Qxh5 Qe6 16. Nf5 Nxd3 17. Qg4+ Kf7 18. Qh5+ Kg8 19. Qg4+ Kf7 20. Qg7+ Ke8 21. Qxc7 Qd7 22. Ng7+ Ke7 23. Nf5+ Ke8 1/2-1/2

[Event "Rhein Main op-A 14th"]
[Site "Bad Homburg"]
[Date "2011.06.24"]
[Round "4"]
[White "Wltschek, Christian"]
[Black "Funkschmidt, Kai Michael"]
[Result "1/2-1/2"]
[WhiteElo "2018"]
[BlackElo "1780"]
[PlyCount "35"]
[EventDate "2011.06.22"]
[EventType "swiss"]
[EventRounds "7"]
[EventCountry "GER"]
[SourceTitle "EXT 2012"]
[Source "ChessBase"]
[SourceDate "2011.11.24"]
[SourceVersion "1"]
[SourceVersionDate "2011.11.24"]
[SourceQuality "1"]

1. e4 e6 2. d4 d5 3. Nc3 dxe4 4. Nxe4 Bd7 5. Bd3 Bc6 6. Nf3 Nf6 7. Bg5 Be7 8. Ng3 Bxf3 9. Qxf3 c6 10. c3 Qd5 11. Qxd5 cxd5 12. 0-0 Nc6 13. Rfe1 0-0 14. f4 h6 15. Bh4 Bd6 16. Rf1 a6 17. Rae1 b5 18. a3 1/2-1/2

[Event "Frankfurt-ch"]
[Site "Frankfurt"]
[Date "2010.05.10"]
[Round "3"]
[White "Wege, Jochen"]
[Black "Funkschmidt, Kai Michael"]
[Result "1-0"]
[WhiteElo "2277"]
[BlackElo "1821"]
[PlyCount "83"]
[EventDate "2010.04.26"]
[EventType "swiss"]
[EventRounds "7"]
[EventCountry "GER"]
[SourceTitle "EXT 2011"]
[Source "ChessBase"]
[SourceDate "2010.11.26"]
[SourceVersion "1"]
[SourceVersionDate "2010.11.26"]
[SourceQuality "1"]

1. Nc3 e6 2. d4 b6 3. a3 Bb7 4. e4 d5 5. exd5 exd5 6. Nf3 Nd7 7. Bd3 Ngf6 8. 0-0 Be7 9. Re1 0-0 10. Ne5 c5 11. Bf4 a6 12. Qf3 g6 13. Nxd7 Nxd7 14. Nxd5 Bxd5 15. Qxd5 cxd4 16. Bh6 Re8 17. Bc4 Bf6 18. Qxf7+ Kh8 19. Bd3 Ne5 20. Qb3 Qd6 21. Re4 Re7 22. Bf4 Qc5 23. Rae1 Nxd3 24. Qxd3 Rxe4 25. Qxe4 Rf8 26. Bh6 Bg7 27. Bxg7+ Kxg7 28. Re2 Rf7 29. h4 Rd7 30. Rd2 Kf6 31. c3 Qf5 32. Qc6+ Qe6 33. Qxe6+ Kxe6 34. cxd4 Kd5 35. f3 Kc4 36. g4 h5 37. Kf2 b5 38. d5 a5 39. d6 Kc5 40. Ke3 b4 41. axb4+ axb4 42. b3 1-0

[Event "Frankfurt-ch"]
[Site "Frankfurt"]
[Date "2010.05.03"]
[Round "2"]
[White "Funkschmidt, Kai Michael"]
[Black "Kaliski, Erwin"]
[Result "1-0"]
[WhiteElo "1821"]
[BlackElo "2266"]
[PlyCount "57"]
[EventDate "2010.04.26"]
[EventType "swiss"]
[EventRounds "7"]
[EventCountry "GER"]
[SourceTitle "EXT 2011"]
[Source "ChessBase"]
[SourceDate "2010.11.26"]
[SourceVersion "1"]
[SourceVersionDate "2010.11.26"]
[SourceQuality "1"]

1. c4 d6 2. Nc3 e5 3. g3 Nc6 4. Bg2 f5 5. d3 Nf6 6. e4 Be7 7. Nge2 0-0 8. 0-0 Qe8 9. Nd5 Bd8 10. a3 Qg6 11. exf5 Bxf5 12. d4 Bc2 13. Qd2 Be4 14. dxe5 Bxg2 15. Nef4 Qe4 16. Re1 Qxc4 17. exf6 Bxd5 18. Qxd5+ Qxd5 19. Nxd5 Bxf6 20. Nxc7 Bd4 21. Re2 Rxf2 22. Rxf2 Rf8 23. Bf4 g5 24. Ne6 Bxf2+ 25. Kxf2 gxf4 26. Nxf8 fxg3+ 27. hxg3 Kxf8 28. Rd1 Ke7 29. Rh1 1-0

[Event "Frankfurt-ch"]
[Site "Frankfurt"]
[Date "2009.06.29"]
[Round "7"]
[White "Jordake, Michael"]
[Black "Funkschmidt, Kai Michael"]
[Result "1-0"]
[WhiteElo "1640"]
[BlackElo "1871"]
[PlyCount "81"]
[EventDate "2009.04.27"]
[EventType "tourn"]
[EventRounds "7"]
[EventCountry "GER"]
[SourceTitle "EXT 2010"]
[Source "ChessBase"]
[SourceDate "2010.11.25"]
[SourceVersion "1"]
[SourceVersionDate "2010.11.25"]
[SourceQuality "1"]

1. e4 b6 2. d4 Bb7 3. Nc3 e6 4. Nf3 Bb4 5. Bd3 Nf6 6. e5 Ne4 7. Bxe4 Bxe4 8. 0-0 Bxc3 9. bxc3 d6 10. Ng5 Bg6 11. Nf3 Nd7 12. Bf4 d5 13. Qe2 Qc8 14. Rfc1 c5 15. Nh4 Qc6 16. Nxg6 hxg6 17. a4 f6 18. Qd3 Kf7 19. Re1 c4 20. Qf3 g5 21. Bxg5 f5 22. g4 g6 23. h4 Rh7 24. Kg2 Rah8 25. Rh1 Kg7 26. Qg3 fxg4 27. Qxg4 Rh5 28. Rae1 Rf8 29. Re3 Rf5 30. Ra1 Qc8 31. Rg3 Qe8 32. a5 b5 33. a6 Nb8 34. Bf6+ Kh7 35. Rb1 Nd7 36. Rxb5 Nxf6 37. Rb7+ Kh6 38. exf6 Rxf6 39. Qg5+ Rxg5 40. hxg5+ Kh5 41. Rh7# 1-0